000 00437nab a2200145Ia 4500
003 ES-SlBCS
005 20210601134615.0
008 140529s1991 xxu||||| |||| 00| 0 spa d
041 _aspa
100 1 _aPollak-Eltz, Angelina
_9220363
245 0 0 _aLa religiosidad popular en Venezuela
_c Angelina Pollak-Eltz
650 0 4 _aReligiosidad Popular
_987456
773 0 _tAnthropos
_gvol. 12, nº. 22, 1991, págs. 75-118
_wRev38
942 _cAR
999 _c615188
_d615188